Guess the 1970s song lyrics #173 - Statistics

General Stats
  • This quiz has been taken 34 times
  • The average score is 100 of 166
Answer Stats
Answer % Correct
I
100%
a
93%
do
93%
you
93%
You
93%
And
89%
and
89%
love
89%
me
89%
when
89%
When
89%
go
85%
It
85%
my
85%
in
81%
on
81%
the
81%
your
81%
by
78%
I'm
78%
to
78%
got
74%
it's
74%
know
74%
So
74%
Like
70%
with
70%
too
67%
You've
67%
you've
67%
all
63%
knees
63%
please
63%
Please
63%
begging
59%
been
56%
don't
56%
had
56%
just
56%
down
52%
fell
52%
get
52%
give
52%
let
52%
never
52%
of
52%
darling
48%
Darling
48%
man
48%
way
48%
won't
48%
say
44%
side
44%
What'll
44%
Layla
41%
make
41%
mind
41%
we'll
41%
best
37%
find
37%
lonely
37%
nobody's
37%
tell
37%
Before
33%
ease
33%
long
33%
old
33%
world
33%
worried
33%
fool
30%
love's
30%
much
30%
tried
30%
waiting
30%
foolish
26%
pride
26%
whole
26%
consolation
22%
finally
22%
insane
22%
situation
22%
turned
22%
upside
22%
vain
22%
hidin
15%
runnin
15%
No matching quizzes found
Score Distribution
Percent of People with Each Score
Percentile by Number Answered
Your Score History
You have not taken this quiz